The development plan system (Record no. 115209)
[ view plain ]
| 000 -LEADER | |
|---|---|
| fixed length control field | 00940cam a22002175a 4500 |
| 001 - CONTROL NUMBER | |
| control field | L158225 |
| 008 - FIXED-LENGTH DATA ELEMENTS--GENERAL INFORMATION | |
| fixed length control field | 141017s1982 xxk f 000 0 eng d |
| 035 ## - SYSTEM CONTROL NUMBER | |
| System control number | (Sirsi) u158225 |
| 041 0# - LANGUAGE CODE | |
| Language code of text/sound track or separate title | eng |
| 110 2# - MAIN ENTRY--CORPORATE NAME | |
| Corporate name or jurisdiction name as entry element | Royal Institution of Chartered Surveyors. Scottish Branch. Planning and Development Division |
| 9 (RLIN) | 961 |
| 245 #4 - TITLE STATEMENT | |
| Title | The development plan system |
| Remainder of title | a guide to practitioners |
| 260 ## - PUBLICATION, DISTRIBUTION, ETC. | |
| Place of publication, distribution, etc. | Edinburgh |
| Name of publisher, distributor, etc. | RICS |
| Date of publication, distribution, etc. | 1982 |
| 300 ## - PHYSICAL DESCRIPTION | |
| Extent | 32p., 30cm |
| 490 #0 - SERIES STATEMENT | |
| Series statement | Practice Note No 3 (Scotland) |
| 520 ## - SUMMARY, ETC. | |
| Summary, etc. | Offers advice on the implications of development plans and opportunities for making objections or representations about proposals in structure or local plans. Describes the development plan system, the main steps in the preparation and adoption of structure and local plans nad review procedures. |
| 590 ## - LOCAL NOTE (RLIN) | |
| Local note | KA |
| 650 24 - SUBJECT ADDED ENTRY--TOPICAL TERM | |
| Topical term or geographic name entry element | LOCAL DEVELOPMENT PLANS |
| 651 #4 - SUBJECT ADDED ENTRY--GEOGRAPHIC NAME | |
| Geographic name | Scotland |
| 690 ## - LOCAL SUBJECT ADDED ENTRY--TOPICAL TERM (OCLC, RLIN) | |
| Topical term or geographic name as entry element | Planning and development |
| 9 (RLIN) | 6259 |
| 942 ## - ADDED ENTRY ELEMENTS (KOHA) | |
| Suppress in OPAC | 0 |
| Withdrawn status | Lost status | Source of classification or shelving scheme | Damaged status | Not for loan | Home library | Current library | Shelving location | Date acquired | Total Checkouts | Full call number | Barcode | Date last seen | Copy number | Price effective from | Koha item type |
|---|---|---|---|---|---|---|---|---|---|---|---|---|---|---|---|
| Dewey Decimal Classification | London | London | Archive copy | 17/10/2014 | 1982/58 | 30075184 | 06/08/2019 | 1 | 06/08/2019 | Archive | |||||
| Dewey Decimal Classification | London | London | RICS Boxes | 06/11/2014 | 1982/58 | 30075177 | 06/08/2019 | 1 | 06/08/2019 | Book |